书目信息 |
| 题名: |
电子商务物流管理研究
|
|
| 作者: | 苏良涛 著 | |
| 分册: | ||
| 出版信息: | 北京 中国水利水电出版社 2014 |
|
| 页数: | 186页 | |
| 开本: | 24cm | |
| 丛书名: | ||
| 单 册: | ||
| 中图分类: | F713.365.1 , F252.1 | |
| 科图分类: | ||
| 主题词: | 电子商务--物流--物资管理--研究 | |
| 电子资源: | ||
| ISBN: | 978-7-5170-2276-3 | |
| 000 | 01165nam0 2200253 450 | |
| 001 | 007673649 | |
| 005 | 20150310224906.0 | |
| 010 | @a978-7-5170-2276-3@dCNY42.00 | |
| 100 | @a20150310d2014 em y0chiy50 ea | |
| 101 | 0 | @achi |
| 102 | @aCN@b110000 | |
| 105 | @ay z 000yy | |
| 106 | @ar | |
| 200 | 1 | @a电子商务物流管理研究@Adian zi shang wu wu liu guan li yan jiu@f苏良涛著 |
| 210 | @a北京@c中国水利水电出版社@d2014 | |
| 215 | @a186页@d24cm | |
| 300 | @a云南省教育厅科学研究基金项目“电子商务环境下云南农产品物流管理研究”;红河学院“十二五”校级培育和建设学科;国际经济与贸易专业国家级特色专业建设项目;云南省哲学社会科学研究基地重点课题“越南西北各省与中国云南省合作发展机制研究”;红河学院国际经济与贸易专业教学团队建设项目 | |
| 330 | @a本书内容主要从电子商务的物流系统角度进行了研究,通过对物流管理理论的探究,由浅入深地对电子商务物流的模式、信息技术、作业、成本、供应链等方面的管理进行了研究。 | |
| 606 | 0 | @a电子商务@x物流@x物资管理@x研究 |
| 690 | @aF713.365.1@v5 | |
| 690 | @aF252.1@v5 | |
| 701 | 0 | @a苏良涛@Asu liang tao@4著 |
| 801 | 0 | @aCN@b碧洲教育@c20150812 |
| 905 | @a10447@b208487868@b208487895@b208487886@b208487877@f4@dF713.365.1@e734 | |
| 电子商务物流管理研究/苏良涛著.-北京:中国水利水电出版社,2014 |
| 186页;24cm |
| 云南省教育厅科学研究基金项目“电子商务环境下云南农产品物流管理研究”;红河学院“十二五”校级培育和建设学科;国际经济与贸易专业国家级特色专业建设项目;云南省哲学社会科学研究基地重点课题“越南西北各省与中国云南省合作发展机制研究”;红河学院国际经济与贸易专业教学团队建设项目 |
| ISBN 978-7-5170-2276-3:CNY42.00 |
| 本书内容主要从电子商务的物流系统角度进行了研究,通过对物流管理理论的探究,由浅入深地对电子商务物流的模式、信息技术、作业、成本、供应链等方面的管理进行了研究。 |
| ● |
| 相关链接 |
|
|
|
|
正题名:电子商务物流管理研究
索取号:F713.365.1/734
 
预约/预借
| 序号 | 登录号 | 条形码 | 馆藏地/架位号 | 状态 | 备注 |
| 1 | 0848786 | 208487868 | 第一借阅区/ [索取号:F713.365.1/734] | 在馆 | |
| 2 | 0848787 | 208487877 | 第一借阅区/ [索取号:F713.365.1/734] | 在馆 | |
| 3 | 0848788 | 208487886 | 第一借阅区/ [索取号:F713.365.1/734] | 在馆 | |
| 4 | 0848789 | 208487895 | 第一借阅区/ [索取号:F713.365.1/734] | 在馆 | |
| 5 | 861229 | 208612296 | 第一样本阅览室/ [索取号:F713.365.1/734] | 在馆 | |
| 6 | 861230 | 208612303 | 第一借阅区/ [索取号:F713.365.1/734] | 在馆 | |
| 7 | 861231 | 208612312 | 第一借阅区/ [索取号:F713.365.1/734] | 在馆 | |
| 8 | 861232 | 208612321 | 密集书库-海洋学院/ [索取号:F713.365.1/734] | 在馆 |